| 000 | 00949nam a2200265 a 4500 | ||
|---|---|---|---|
| 001 | 66755 | ||
| 003 | BD-RjUL | ||
| 005 | 20211209081556.0 | ||
| 008 | 170320s1989 coua b 001 0 eng | ||
| 020 | _a0813377803 (alk. paper) | ||
| 035 | _a(BD-RjUL)66886 | ||
| 040 |
_aDLC _cDLC _dBD-RjUL _beng |
||
| 041 | _aeng | ||
| 082 | 0 | 0 |
_a333.750973 _223 _bFOR 1989 |
| 245 | 0 | 0 |
_aForest resource economics and policy research : _bstrategic directions for the future / _cedited by Paul V. Ellefson. |
| 260 |
_aBoulder, Colo. : _bWestview Press, _cc1989. |
||
| 300 |
_axii, 403 p. : _bill. ; _c24 cm. |
||
| 504 | _aIncludes bibliographies and index. | ||
| 650 | 0 |
_aForest products industry _xGovernment policy _zUnited States. _9197620 |
|
| 650 | 0 |
_aForest policy _zUnited States. _9197621 |
|
| 650 | 0 |
_aForests and forestry _xEconomic aspects _zUnited States. _943677 |
|
| 700 | 1 |
_aEllefson, Paul V. _9197622 |
|
| 942 |
_2ddc _cBK |
||
| 999 |
_c66755 _d66755 |
||